000
00207 a2200097 4500
001
46811
100
_a
245
_a
A metter of trust
260
_a
London
_b
Weidenfeld & nicolson
_c
090
_c
29902
_d
29902
942
_a
NUST-CAE
_c
M
_c
22116
999
_c
281884
_d
281884